Селективность, техническая эффективность и настройка измерительного органа мощности; Электромеханические преобразователи энергии

Manylion Llyfryddiaeth
Parent link:Электромеханические преобразователи энергии.— 2009.— С. 518
Prif Awdur: Ефимов К. М.
Awduron Eraill: Шмойлов А. В. (научный руководитель)
Iaith:Rwseg
Cyhoeddwyd: 2009
Pynciau:
Fformat: Pennod Llyfr
KOHA link:https://koha.lib.tpu.ru/cgi-bin/koha/opac-detail.pl?biblionumber=196861

MARC

LEADER 00000naa2a2200000 4500
001 196861
005 20231031183258.0
035 |a (RuTPU)RU\TPU\book\214740 
090 |a 196861 
100 |a 20110531d2009 k y0rusy50 ca 
101 0 |a rus 
102 |a RU 
200 1 |a Селективность, техническая эффективность и настройка измерительного органа мощности  |f К. М. Ефимов 
463 0 |0 (RuTPU)RU\TPU\book\208678  |t Электромеханические преобразователи энергии  |o материалы IV Международной научно-технической конференции, 13-16 октября 2009 г., Томск  |f Российский фонд фундаментальных исследований (РФФИ) ; Томская область, Администрация ; Томский политехнический университет   |v С. 518  |d 2009  |p 556 с. 
610 1 |a релейная защита 
610 1 |a измерения 
610 1 |a автоматика 
610 1 |a селективность 
610 1 |a технические данные 
610 1 |a эффективность 
610 1 |a труды учёных ТПУ 
700 1 |a Ефимов  |b К. М. 
702 1 |a Шмойлов  |b А. В.  |4 727 
801 1 |a RU  |b 63413507  |c 20110531 
942 |c BK